000 00589nam a2200193Ia 4500
005 20250508154356.0
008 008 250505s9999 xx 000 0 eng d
037 _aTextual
040 _aFEDL
_beng
_cFEDL
041 _aeng
_2eng
084 _a378.8, BEN
_qFEDL
100 _aBenjamin Harold R W
_993845
245 0 _aHigher education in the American republics
260 _aNew York, USA
_bMcGraw-Hill Book Company
_c1965
300 _axvi,224p
490 _aMcGraw-Hill series in international development
942 _cTEXL
_h378.8, BEN
999 _c1349807
_d1349807